ბათუმის შოთა რუსთაველის სახელმწიფო უნივერსიტეტის ბიბლიოთეკა

Справочник агрохимика (ბიბ.ჩანაწერი № 46098)

000 -LEADER
fixed length control field 00627nam a2200205Ia 4500
001 - CONTROL NUMBER
control field 12929
003 - CONTROL NUMBER IDENTIFIER
control field GE_BSU
008 - FIXED-LENGTH DATA ELEMENTS--GENERAL INFORMATION
fixed length control field 181216s||||||||xx |||||||||||||| ||und||
040 ## - CATALOGING SOURCE
Transcribing agency GE_BSU
080 ## - UNIVERSAL DECIMAL CLASSIFICATION NUMBER
Universal Decimal Classification number 631.8(035)
245 ## - TITLE STATEMENT
Title Справочник агрохимика
245 ## - TITLE STATEMENT
Statement of responsibility, etc. Сост-ль справочника Д.А.Кореньков. Ред.Л.А.Бородкина
250 ## - EDITION STATEMENT
Edition statement 2-ое дополн.и перераб.
260 ## - PUBLICATION, DISTRIBUTION, ETC.
Place of publication, distribution, etc. Москва
260 ## - PUBLICATION, DISTRIBUTION, ETC.
Name of publisher, distributor, etc. Россельхозиздат
260 ## - PUBLICATION, DISTRIBUTION, ETC.
Date of publication, distribution, etc. 1980
300 ## - PHYSICAL DESCRIPTION
Extent 286стр.20см.
653 ## - INDEX TERM--UNCONTROLLED
Uncontrolled term Справочник агрохимика
942 ## - ADDED ENTRY ELEMENTS (KOHA)
Koha item type წიგნი
ეგზემპლარები
Withdrawn status Lost status Damaged status Not for loan Date acquired Barcode Date last seen Price effective from Koha item type
        2018-12-17 20876 2018-12-17 2018-12-17 წიგნი
        2018-12-17 20877 2018-12-17 2018-12-17 წიგნი
        2018-12-17 20878 2018-12-17 2018-12-17 წიგნი
        2018-12-17 20879 2018-12-17 2018-12-17 წიგნი
        2018-12-17 20880 2018-12-17 2018-12-17 წიგნი
        2018-12-17 20881 2018-12-17 2018-12-17 წიგნი
        2018-12-17 20882 2018-12-17 2018-12-17 წიგნი
        2018-12-17 20883 2018-12-17 2018-12-17 წიგნი
        2018-12-17 20884 2018-12-17 2018-12-17 წიგნი
        2018-12-17 20885 2018-12-17 2018-12-17 წიგნი